000 00642nam a2200241Ia 4500
003 OSt
005 20221007071239.0
006 a|||||r|||| 00| 0
007 ta
008 221006b |||||||| |||| 00| 0 eng d
024 _a26,702
037 _cTextual
040 _aFLL
_cFLL
_beng
041 _2eng
_aeng
082 _aZ3:3y7, J4
100 _aCheshire G.C.
_9152548
245 0 _aCases on the law of contract
250 _a2nd
260 _aLondon
_bButterworth & Co. (Publishers) Ltd. London
_c1954
300 _axxiii,1-447p
_ccm.
942 _hZ3:3y7, J4
_cTEXL
_2CC
999 _c1142872
_d1142872